Chain Reaction #1 - Statistics

General Stats
  • This quiz has been taken 419 times
  • The average score is 11 of 19
Answer Stats
Hint Answer % Correct
A wizard's skill Magic
88%
Not out In
84%
What scissors does to paper Cut
83%
Enemy of mailmen Dog
82%
Another word for maize Corn
77%
Noisy Loud
73%
A choice in a bunk bed Top
73%
What van Gohn sacrficed Ear
71%
A boxer's action Punch
69%
Old photographs lacked this Color
63%
Is set for dinner Table
55%
A Super time for sports fans Bowl
52%
A batter's loss Out
49%
To present Show
48%
What you get when you dig Hole
47%
A song Tune
36%
What Aaron Carter wants Candy
19%
A euphemism for killing a person Off
16%
Is relative Time
15%
No matching quizzes found
Score Distribution
Percent of People with Each Score
Percentile by Number Answered
Your Score History
You have not taken this quiz